<?xml version="1.0" encoding="UTF-8"?>
<record
    xmlns:xsi="http://www.w3.org/2001/XMLSchema-instance"
    xsi:schemaLocation="http://www.loc.gov/MARC21/slim http://www.loc.gov/standards/marcxml/schema/MARC21slim.xsd"
    xmlns="http://www.loc.gov/MARC21/slim">

  <leader>02055nam a2200325   4500</leader>
  <controlfield tag="001">178</controlfield>
  <controlfield tag="003">OSt</controlfield>
  <controlfield tag="005">20250528074014.0</controlfield>
  <controlfield tag="008">250130b        |||||||e |||| 00| 1 eng d</controlfield>
  <datafield tag="040" ind1=" " ind2=" ">
    <subfield code="b">por</subfield>
  </datafield>
  <datafield tag="041" ind1=" " ind2=" ">
    <subfield code="h">spa</subfield>
    <subfield code="a">por</subfield>
  </datafield>
  <datafield tag="082" ind1=" " ind2=" ">
    <subfield code="a">ar860</subfield>
    <subfield code="b">C827j</subfield>
  </datafield>
  <datafield tag="100" ind1="1" ind2=" ">
    <subfield code="a">Cortazar, Julio,</subfield>
    <subfield code="d">1914-1984.</subfield>
    <subfield code="9">333</subfield>
  </datafield>
  <datafield tag="240" ind1=" " ind2=" ">
    <subfield code="a">Rayuela</subfield>
  </datafield>
  <datafield tag="245" ind1=" " ind2=" ">
    <subfield code="a">O jogo da Amarelinha </subfield>
    <subfield code="b">Volume II /</subfield>
    <subfield code="c">Cort&#xE1;zar, Julio ; Tradu&#xE7;&#xE3;o de Fernando de Castro Ferro</subfield>
  </datafield>
  <datafield tag="260" ind1=" " ind2=" ">
    <subfield code="a">S&#xE3;o Paulo</subfield>
    <subfield code="b">Abril</subfield>
    <subfield code="c">1985</subfield>
  </datafield>
  <datafield tag="300" ind1=" " ind2=" ">
    <subfield code="a">291 p.</subfield>
  </datafield>
  <datafield tag="490" ind1="1" ind2=" ">
    <subfield code="a">Grandes Romancistas</subfield>
  </datafield>
  <datafield tag="520" ind1=" " ind2=" ">
    <subfield code="a">O Jogo da Amarelinha (no original, Rayuela) &#xE9; um romance escrito por Julio Cort&#xE1;zar em 1963, considerado a obra m&#xE1;xima do autor que, ao lado de Jorge Luis Borges, &#xE9; o principal representante da literatura argentina, ambos marcados pelas obras extremamente criativas e originais.

O assunto principal do livro n&#xE3;o s&#xE3;o os personagens, por sinal muito bem trabalhados, com cap&#xED;tulos sobre seus cacoetes, suas manias e suas vidas. O assunto principal &#xE9; o pr&#xF3;prio livro. Nas palavras do pr&#xF3;prio autor, "esse livro &#xE9; muitos livros, mas &#xE9;, sobretudo, dois livros". O leitor pode come&#xE7;ar do cap&#xED;tulo 1 e ir at&#xE9; o 56, tendo assim uma bem constru&#xED;da hist&#xF3;ria sobre um tri&#xE2;ngulo amoroso. Ou pode optar por come&#xE7;ar no cap&#xED;tulo 73, e come&#xE7;ar a seguir a ordem indicada por Cort&#xE1;zar. Escolhendo a segunda op&#xE7;&#xE3;o, o leitor ver&#xE1; os acontecimentos de Maga, Oliveira, o Clube da Serpente e o narrador, e depois pode ler cita&#xE7;&#xF5;es de grandes autores, textos debatendo a literatura atual, artigos sobre os personagens, desvarios, recortes de um texto maior. Tudo misturado, pulando cap&#xED;tulos para depois voltar aos mesmos, como se fosse um jogo da amarelinha.</subfield>
  </datafield>
  <datafield tag="650" ind1=" " ind2="0">
    <subfield code="a">Literatura argentina</subfield>
    <subfield code="9">90</subfield>
  </datafield>
  <datafield tag="650" ind1=" " ind2="0">
    <subfield code="a">Amor e Paix&#xE3;o</subfield>
    <subfield code="9">25</subfield>
  </datafield>
  <datafield tag="650" ind1=" " ind2="0">
    <subfield code="a">Grandes Amizades</subfield>
    <subfield code="9">28</subfield>
  </datafield>
  <datafield tag="650" ind1=" " ind2="0">
    <subfield code="a">Drama</subfield>
    <subfield code="9">18</subfield>
  </datafield>
  <datafield tag="650" ind1=" " ind2="0">
    <subfield code="a">Cl&#xE1;ssicos</subfield>
    <subfield code="9">77</subfield>
  </datafield>
  <datafield tag="655" ind1=" " ind2="0">
    <subfield code="a">Romance</subfield>
    <subfield code="9">23</subfield>
  </datafield>
  <datafield tag="655" ind1=" " ind2="0">
    <subfield code="a">Fic&#xE7;&#xE3;o </subfield>
    <subfield code="9">22</subfield>
  </datafield>
  <datafield tag="700" ind1=" " ind2=" ">
    <subfield code="a">Fernando de Castro Ferro</subfield>
    <subfield code="e">Tradutor</subfield>
    <subfield code="9">334</subfield>
  </datafield>
  <datafield tag="830" ind1=" " ind2=" ">
    <subfield code="a">Grandes Romancistas</subfield>
    <subfield code="9">126</subfield>
  </datafield>
  <datafield tag="942" ind1=" " ind2=" ">
    <subfield code="2">ddc</subfield>
    <subfield code="n">0</subfield>
    <subfield code="c">BK</subfield>
  </datafield>
  <datafield tag="952" ind1=" " ind2=" ">
    <subfield code="0">0</subfield>
    <subfield code="1">0</subfield>
    <subfield code="2">ddc</subfield>
    <subfield code="3">vol. 02</subfield>
    <subfield code="4">0</subfield>
    <subfield code="7">0</subfield>
    <subfield code="8">FIC</subfield>
    <subfield code="a">BIBIB</subfield>
    <subfield code="b">BIBIB</subfield>
    <subfield code="c">LE</subfield>
    <subfield code="d">2001-03-29</subfield>
    <subfield code="e">doa&#xE7;&#xE3;o</subfield>
    <subfield code="l">0</subfield>
    <subfield code="o">ar860 / C827j</subfield>
    <subfield code="p">2025-11609</subfield>
    <subfield code="r">2025-01-30 08:38:02</subfield>
    <subfield code="w">2025-01-30</subfield>
    <subfield code="y">BK</subfield>
  </datafield>
  <datafield tag="999" ind1=" " ind2=" ">
    <subfield code="c">178</subfield>
    <subfield code="d">178</subfield>
  </datafield>
</record>
